Mickey 17/directed by Bong Joon Ho,written by Bong Joon Ho,produced by Dede Gardner Jeremy Kleiner Bong Joon Ho Dooho Choi. (Record no. 20940)

000 -LEADER
fixed length control field 01400nam a2200289 4500
008 - FIXED-LENGTH DATA ELEMENTS--GENERAL INFORMATION
fixed length control field 250528b xxu||||| |||| 00| 0 eng d
040 ## - CATALOGING SOURCE
Original cataloging agency Cagayan State University-Carig Campus
082 ## - DEWEY DECIMAL CLASSIFICATION NUMBER
Classification number 791.4372
Item number M5832 2025
245 ## - TITLE STATEMENT
Title Mickey 17/directed by Bong Joon Ho,written by Bong Joon Ho,produced by Dede Gardner Jeremy Kleiner Bong Joon Ho Dooho Choi.
260 ## - PUBLICATION, DISTRIBUTION, ETC. (IMPRINT)
Place of publication, distribution, etc United States,South Korea:
Name of publisher, distributor, etc Prime Video,
Date of publication, distribution, etc 2025.
300 ## - PHYSICAL DESCRIPTION
Extent 1videofile,137 minutes:
Other physical details sound, color.
520 ## - SUMMARY, ETC.
Summary, etc The story begins with Mickey fleeing Earth to escape debt, joining a colonization mission with his friend Timo (Steven Yeun). Upon arrival at Niflheim, Mickey's 17th iteration survives a deadly encounter with the planet's native creatures, the Creepers, who unexpectedly save him. However, upon returning to the ship, he discovers that his 18th clone has already been printed, leading to a moral and existential crisis as both versions must coexist secretly to avoid execution.
521 ## - TARGET AUDIENCE NOTE
Target audience note R.
546 ## - LANGUAGE NOTE
Language note English.
650 ## - SUBJECT ADDED ENTRY--TOPICAL TERM
Topical term or geographic name as entry element Adventure.
650 ## - SUBJECT ADDED ENTRY--TOPICAL TERM
Topical term or geographic name as entry element Comedy.
650 ## - SUBJECT ADDED ENTRY--TOPICAL TERM
Topical term or geographic name as entry element Fantasy.
650 ## - SUBJECT ADDED ENTRY--TOPICAL TERM
Topical term or geographic name as entry element Science Fictions.
700 ## - ADDED ENTRY--PERSONAL NAME
Personal name Pattinson,Robert ,star.
700 ## - ADDED ENTRY--PERSONAL NAME
Personal name Ackie,Naomi ,star.
700 ## - ADDED ENTRY--PERSONAL NAME
Personal name Yeun,Steven ,star.
700 ## - ADDED ENTRY--PERSONAL NAME
Personal name Collette,Toni ,star.
700 ## - ADDED ENTRY--PERSONAL NAME
Personal name Ruffalo,Mark ,star.
700 ## - ADDED ENTRY--PERSONAL NAME
Personal name Khondji,Darius ,Cinematographer.
700 ## - ADDED ENTRY--PERSONAL NAME
Personal name Jin-mo,Yang ,editor.
942 ## - ADDED ENTRY ELEMENTS (KOHA)
Source of classification or shelving scheme
Item type Audio-Visual Materials
Holdings
Source of acquisition Price effective from Permanent location Date last seen Not for loan Date acquired Source of classification or shelving scheme Koha item type Collection code Shelving location Damaged status Lost status Withdrawn status Current location Full call number
Donations2025-05-28Cagayan State University - Carig Library2025-05-28 2025-05-28 Audio-Visual MaterialsElectronic Media CenterElectronic Media Center   Cagayan State University - Carig Library791.4372 M5832

Cagayan State University University Library, Carig Campus
Tuguegarao City, Cagayan 3500 | www.csucarig.edu.ph

Powered by Koha